| 000 | 00978nmc a2200325 a 4500 | ||
|---|---|---|---|
| 003 | AR-BaBNM | ||
| 005 | 20251128203521.0 | ||
| 008 | 166019s1993 ||||||||||||||000 | spa|| | ||
| 020 | _a950-02-5773-4 | ||
| 040 | _cAR-BaBNM | ||
| 100 | 1 | _aMartín, Orlando R. | |
| 245 | 1 | 0 |
_aDidáctica de la educación sexual _bun enfoque personalizante de la sexualidad y el amor |
| 250 | _a3ª ed. | ||
| 260 |
_aBuenos Aires _bEl Ateneo _c1993 |
||
| 300 | 0 |
_a331 p. _bgráfs., tablas |
|
| 490 | 0 | _aBiblioteca de educación. Formación docente | |
| 504 | _aBibliografía p. 328-331 | ||
| 650 | 4 | _aEDUCACION SEXUAL | |
| 650 | 4 | _aSEXUALIDAD | |
| 650 | 4 | _aEMBARAZO | |
| 650 | 4 | _aPARTO | |
| 650 | 4 | _aMETODOS ANTICONCEPTIVOS | |
| 650 | 4 | _aRESPONSABILIDAD DE LOS PADRES | |
| 650 | 4 | _aENFERMEDADES INFECCIOSAS | |
| 650 | 4 | _aENFERMEDADES DE TRANSMISION SEXUAL | |
| 700 | 1 | _aMadrid, Encarnación M. | |
| 700 | 1 |
_aChallú, Amílcar _ecolaborador |
|
| 942 | _cBK | ||
| 998 | _cCarmen | ||
| 999 |
_c3744 _d3744 |
||